| 000 | 02038nam0a2200373 4500 | ||
|---|---|---|---|
| 001 | RU\NLR\bibl\1678776 | ||
| 005 | 20250616050730.0 | ||
| 010 | _a978-5-940591-26-9 | ||
| 021 |
_aRU _b2010-63045 _94137 |
||
| 035 | _a(NLR Aleph) 001669994 | ||
| 090 |
_a1035321 _c1035320 |
||
| 100 | _a20100927d2010 |||y0rusy50 ca | ||
| 101 | 1 |
_arus _cger |
|
| 102 | _aRU | ||
| 105 | _aab ||||||||| | ||
| 200 | 1 |
_aАфины _eпутеводитель _eстолица Греции от А до Я, 44 фотоиллюстрации, история и культура, карты города и окрестностей, схема метро, памятники античности, часы работы музеев, монастыри и церкви, рестораны и покупки, экскурсии в Коринф, Микены, Дельфы, практические советы, разговорник _e[разговорник, справочник, подробные цветные карты и планы] _fКлаус Бетиг, Вольфганг Йозинг, Юрген Бергманн _g[пер. с нем.: Светлана Иванова] _gNelles Verl. |
|
| 210 |
_aСанкт-Петербург _cДискус Медиа _d2010 |
||
| 215 |
_a96 с. _cцв. ил., карт. _d17 |
||
| 225 | 1 | _aNelles Pocket | |
| 300 | _aЗагл. обл.: Афины и окрестности | ||
| 300 | _aНа обл. авт. не указаны | ||
| 300 | _aНа обороте тит.л.: Вып. 1 | ||
| 320 | _aАлф. указ.: с. 96 | ||
| 512 | 1 | _aАфины и окрестности | |
| 607 |
_aАфины, город (Греция) _jПутеводители _92249604 _3RU\NLR\auth\661349435 |
||
| 686 | _aД890(47Гр-2А)я23 | ||
| 700 | 1 |
_aБетиг _bК. _gКлаус _4070 |
|
| 701 | 1 |
_aЙозинг _bВ. _gВольфганг _4070 |
|
| 701 | 1 |
_aБергманн _bЮ. _gЮрген _4070 |
|
| 801 | 0 |
_aRU _bNLR _c20100927 _gRCR |
|
| 801 | 1 |
_aRU _bNLR _c20100927 |
|
| 942 | _cBOOK | ||
| 980 | _aNB | ||